000 02722nam a2200217 a 4500
001 000044700
005 20230511100334.0
008 141218s2014 dr ac 000 0 spa d
020 _a9789945462746
040 _aDO-SdBNP
_bspa
_cBNPHU
082 _axxxx
_bxxxx
100 1 _aPeralta Michel, José,
_d1931-
_946495
245 1 0 _aEn la Vega :
_bresistencia antitrujillista... y más allá /
_cJosé Peralta Michel.
250 _a2a ed.
260 _aSanto Domingo :
_bCPEP,
_c2014.
300 _a242 p. :
_bil., retrs. ;
_c22 cm.
500 _aIncluye datos biográficos del autor en la contracubierta
505 0 _tMis primeros conocimientos de Trujillo --
_tUna agresión injustificable --
_tUn testimonio: historia de la causa --
_tLa juventud democrática en La Vega --
_tEl Partido Socialista Popular (PSP) --
_tComunicación histórica --
_tCambio de vida y actitud frente al régimen --
_tJuan Rodriguez García: asedio y exilio --
_tJosé Espaillat Rodríguez. Persecución y exilio --
_tResistencia y actividades conspirativas. Apresamientos, represión y muertes --
_tVeganos marcados por la tiranía --
_tFinal de un decenio de actividades revolucionarias y represivas --
_tEl proyecto revolucionario de los hermanos Batista Clisante --
_tNey Pimentel: resistencia y muerte brutal --
_tComienzo de la resistencia y la conspiración interna en el 1959 --
_tEn La Vega: resistencia y conspiración --
505 0 _tMártires veganos en Constanza, Maimón y Estero Hondo --
_tReactivación de la conspiración --
_tNuevo proyecto conspirativo ampliado --
_tLas acciones revolucionarias de 10 y 11 de octubre --
_tDescubrimiento de las acciones y prisión --
_tLas torturas de "La 40" --
_tEncierro en solitarias en la cárcel de "La Victoria" --
_tMi permanencia en solitaria --
_tDramático comportamiento de mi hermana Ninón --
_tCambio sorpresivo y encuentro familiar --
_tDe solitarias a "el pasillo" --
_tDe nuevo a "La 40" --
_tResistencia de veganos y represión --
_tLa "magnanimidad" de Trujillo en su carta de indulto --
_tRegreso al hogar --
_tLa Iglesia y Trujillo
_tLa madrugada del 31 de mayo y prisión --
_tFirmantes de UCN y renuncia al Partido Dominicano --
_tEl 14 de Junio en La Vega --
_tAtaque y destrucción del local del 14 de Junio --
_tAsalto a las residencias del Dr. Gómez Yangüela y de Francisco Gómez Estrella --
_tLa noche del 19 noviembre --
_tVeganos en la insurrección constitucionalista de 1963 --
_tLa muerte de Alfredo Antonio y otros hechos de Las Manaclas --
_tVigilancia y persecución --
_tLa Vega y Revolución Constitucionalista --
_tLa muerte de Carlos José Sebastián Gómez --
_tLa muerte de Stalin García Muñoz --
710 1 2 _aRepública Dominicana
_bComisión Permanente de Efemérides Patria
_945309
999 _c44189
_d44189